ARRUPE JESUIT UNIVERSITY

CORONAVIRUS -STOP THE SPREAD - CLEAN,DISINFECT,COVER

God in history : (Record no. 122233)

MARC details
000 -LEADER
fixed length control field 00831cam a2200289 a 4500
001 - CONTROL NUMBER
control field 4466362
003 - CONTROL NUMBER IDENTIFIER
control field ARRUPE
005 - DATE AND TIME OF LATEST TRANSACTION
control field 20150227171738.0
008 - FIXED-LENGTH DATA ELEMENTS--GENERAL INFORMATION
fixed length control field 881021s1989 tnu b 001 0 eng
010 ## - LIBRARY OF CONGRESS CONTROL NUMBER
LC control number 88028621
020 ## - INTERNATIONAL STANDARD BOOK NUMBER
International Standard Book Number 0687149681 (alk. paper)
035 ## - SYSTEM CONTROL NUMBER
System control number (OCoLC)18522351
035 ## - SYSTEM CONTROL NUMBER
System control number (OCoLC)ocm18522351
035 ## - SYSTEM CONTROL NUMBER
System control number (NNC)4466362
040 ## - CATALOGING SOURCE
Transcribing agency DCL
050 0# - LIBRARY OF CONGRESS CALL NUMBER
Classification number BR115.H5
Item number H64 1989
090 ## - LOCALLY ASSIGNED LC-TYPE CALL NUMBER (OCLC); LOCAL CALL NUMBER (OCLC)
Classification number (OCLC) (R) ; Classification number, CALL (RLIN) (NR) BR115.H5
Local cutter number (OCLC) ; Book number/undivided call number, CALL (RLIN) H64 1989
300 ## - PHYSICAL DESCRIPTION
Dimensions 24 cm.
100 1# - MAIN ENTRY--PERSONAL NAME
Personal name Hodgson, Peter Crafts,
Dates associated with a name 1934-
9 (RLIN) 15652
245 10 - TITLE STATEMENT
Title God in history :
Remainder of title shapes of freedom /
Statement of responsibility, etc Peter C. Hodgson.
260 ## - PUBLICATION, DISTRIBUTION, ETC. (IMPRINT)
Place of publication, distribution, etc Nashville :
Name of publisher, distributor, etc Abingdon Press,
Date of publication, distribution, etc c1989.
300 ## - PHYSICAL DESCRIPTION
Extent 287 p. ;
500 ## - GENERAL NOTE
General note Includes index.
504 ## - BIBLIOGRAPHY, ETC. NOTE
Bibliography, etc Bibliography: p. 252-279.
650 #0 - SUBJECT ADDED ENTRY--TOPICAL TERM
Topical term or geographic name as entry element History
General subdivision Religious aspects
-- Christianity.
9 (RLIN) 1764
942 ## - ADDED ENTRY ELEMENTS (KOHA)
Source of classification or shelving scheme Library of Congress Classification
Koha item type Monograph ( Printed materials)
Holdings
Withdrawn status Lost status Source of classification or shelving scheme Damaged status Not for loan Collection code Home library Current library Shelving location Date acquired Total Checkouts Full call number Barcode Date last seen Price effective from Koha item type
    Library of Congress Classification     Main Collection ARRUPE LIBRARY ARRUPE LIBRARY Main Collection 27/02/2015   BR115.H5H64 1989 46500000969 15/11/2016 27/02/2015 Monograph ( Printed materials)

 

Arrupe Library. PO Box MP320 Mt Pleasant, Harare, Zimbabwe
263 242 745411|librarian@aju.ac.zw